00572 2200253 4500001002100000008004100021035002000062245002200082100001300104250000600117260002800123300002900151020001800180084001400198082000800212650001400220990001200234990001200246990001200258990001200270990001200282990001200294990001200306INLIS000000000001504 Ind  a0010-0125000002 aBiologicCampbell aCampbell a2 aJakartabErlanggac2003 a404 hlmc20,5 cm x 28 cm a979-688-469-0 a500 NEL b a500 aReferensi a0714402 a0714403 a0714404 a0714405 a0714406 a0714407 a0712576